|
|
|
|
| LEADER |
00000nbm0a2200000 4500 |
| 001 |
670808 |
| 005 |
20240625114204.0 |
| 090 |
|
|
|a 670808
|
| 100 |
|
|
|a 20240220d2005 k||y0rusy50 ca
|
| 101 |
0 |
|
|a rus
|
| 102 |
|
|
|a RU
|
| 105 |
|
|
|a a z 101yy
|
| 181 |
|
0 |
|a i
|b e
|
| 182 |
|
0 |
|a n
|
| 183 |
|
0 |
|a nc
|2 RDAcarrier
|
| 200 |
|
|
|a Сборник разработок, представленных на II тур V научно-технической конференции молодежи ОАО "АК "Транснефть". Сектор: "Промышленная, пожарная, экологическая безопасность и охрана труда"
|f Транснефть
|
| 203 |
|
|
|a Текст
|b визуальный
|c непосредственный
|
| 210 |
|
1 |
|a Томск
|d 2005
|
| 215 |
|
|
|a 327 с.
|c ил.
|
| 283 |
|
|
|a volume
|2 RDAcarrier
|
| 320 |
|
|
|a Список использованных источников в конце докладов
|
| 512 |
1 |
|
|a II тур V научно-технической конференции молодежи ОАО "АК "Транснефть"
|
| 606 |
1 |
|
|a Трубопроводный транспорт (нефти)
|9 88451
|
| 606 |
1 |
|
|a Производственная безопасность
|9 70877
|
| 610 |
1 |
|
|a нефть
|
| 610 |
1 |
|
|a транспортировка
|
| 610 |
1 |
|
|a промышленная безопасность
|
| 610 |
1 |
|
|a системы управления
|
| 610 |
1 |
|
|a нефтепроводы
|
| 610 |
1 |
|
|a ремонтные работы
|
| 610 |
1 |
|
|a травмобезопасность
|
| 610 |
1 |
|
|a средства пожаротушения
|
| 610 |
1 |
|
|a окружающая среда
|
| 610 |
1 |
|
|a охрана
|
| 610 |
1 |
|
|a водонефтяные эмульсии
|
| 610 |
1 |
|
|a переработка
|
| 610 |
1 |
|
|a СВЧ
|
| 610 |
1 |
|
|a сверхвысокочастотная энергия
|
| 610 |
1 |
|
|a биоочистные сооружения
|
| 610 |
1 |
|
|a конференции
|
| 675 |
|
|
|a 622.692.4(063)
|v 4
|
| 675 |
|
|
|a 658.345(063)
|v 4
|
| 712 |
0 |
2 |
|a Транснефть
|c Публичное акционерное общество
|c (Москва)
|4 570
|9 28464
|b Центрсибнефтепровод
|
| 712 |
1 |
2 |
|a Научно-техническая конференции молодежи ОАО "АК "Транснефть". Сектор: "Промышленная, пожарная, экологическая безопасность и охрана труда"
|c конференция
|d 5
|e Томск
|f 2005
|4 570
|
| 801 |
|
0 |
|a RU
|b 63413507
|c 20240220
|
| 942 |
|
|
|c BK
|